000 00697nam a2200265Ia 4500
003 OSt
005 20221006142505.0
006 a|||||r|||| 00| 0
007 ta
008 221006b |||||||| |||| 00| 0 eng d
020 _c
_3.50
024 _a6,467
037 _cTextual
040 _aEASL
_cEASL
_beng
041 _2eng
_aeng
082 _aY.41.N59<-N49, J2
100 _aTENNIEN Mark
_9647831
245 0 _aNo secret is safe
_b Behind the bamboo curtain
260 _aNew York
_bFarrar, Straus and Young
_c1952
300 _a270p.
_ccm.
490 _v CEL
650 _aCEL
942 _hY.41.N59<-N49, J2
_cTEXL
_2CC
999 _c1074553
_d1074553